000 00549nam a2200181 i 4500
001 57392
003 ES-MaACL
005 20230906163552.0
007 t|
008 031016s1915 xxk ||||1| eng d
100 1 _aDodgson, Edward Spencer.
_944974
245 1 4 _aThe Biscayan Verb /
_cby Edward S. Dodgson.
260 _a[S.l.] :
_bCeltic Review,
_c1915.
300 _a30 p. ;
_c25 cm.
500 _aSeparata de "Celtic Review", volume X.
650 4 _aLengua vasca-
_xVerbo.
_9155936
852 _aES-MaACL
_j1539-F-3
_z.- Ded. manuscrita del autor
999 _c57392
_d57392